Johannis de Capua Directorium vitae humanae alias parabola antiquorum sapientum (Record no. 152937)
[ view plain ]
| 000 -LEADER | |
|---|---|
| campo de control de longitud fija | 01030nam a2200229 i 4500 |
| 001 - NÚMERO DE CONTROL | |
| campo de control | 152937 |
| 003 - IDENTIFICADOR DE NÚMERO DE CONTROL | |
| campo de control | ES-MaACL |
| 005 - FECHA Y HORA DE LA ÚLTIMA TRANSACCIÓN | |
| campo de control | 20250820135754.0 |
| 008 - DATOS DE LONGITUD FIJA--INFORMACIÓN GENERAL | |
| campo de control de longitud fija | 040802s1887 fr |||| | fre d |
| 040 ## - FUENTE DE CATALOGACIÓN | |
| Centro catalogador/agencia de origen | CAM |
| Lengua de catalogación | spa |
| Centro/agencia transcriptor | CAM |
| 130 0# - ENTRADA PRINCIPAL--TÍTULO UNIFORME | |
| Título uniforme | Calila y Dimna. |
| 9 (RLIN) | 119651 |
| 245 10 - MENCIÓN DEL TÍTULO | |
| Título | Johannis de Capua Directorium vitae humanae alias parabola antiquorum sapientum |
| Resto del título | : version latina du livre de Kalilah et Dimnah / |
| Mención de responsabilidad, etc. | publiée et annotée par Joseph Derenbourg. |
| 260 ## - PUBLICACIÓN, DISTRIBUCIÓN, ETC. | |
| Lugar de publicación, distribución, etc. | Paris : |
| Nombre del editor, distribuidor, etc. | F. Vieweg libraire-éditeur, |
| Fecha de publicación, distribución, etc. | 1887. |
| 300 ## - DESCRIPCIÓN FÍSICA | |
| Extensión | 1 v. ; |
| Dimensiones | 24 cm. |
| 490 1# - MENCIÓN DE SERIE | |
| Mención de serie | Bibliothèque de l'Ecole des Hautes Etudes. Sciences philologiques et historiques ; |
| Designación de volumen o secuencia | 72 |
| 597 ## - NOTA DE DESCRIPCIÓN FÍSICA | |
| NOTA DE DESCRIPCIÓN FÍSICA | Texto en latín y notas en fracés. |
| 700 0# - ENTRADA AGREGADA--NOMBRE PERSONAL | |
| Nombre de persona | Capua, Giovanni di. |
| 9 (RLIN) | 34912 |
| 700 1# - ENTRADA AGREGADA--NOMBRE PERSONAL | |
| Nombre de persona | Derenbourg, Joseph, |
| Fechas asociadas al nombre | 1811-1895 |
| 9 (RLIN) | 126760 |
| 830 00 - PUNTO DE ACCESO ADICIONAL DE SERIE-TÍTULO UNIFORME | |
| Título uniforme | Bibliothèque de l'École des Hautes Études. Sciences historiques et philologiques |
| Designación de volumen o secuencia | 72 |
| 9 (RLIN) | 229685 |
| 852 ## - LOCALIZACIÓN | |
| Ubicación | ES-MaACL |
| Número de control de estantería | C-7600 |
| Nota libre | -- Enc. hol. |
| condición física | -- Sólo 1er fascicule (240 p.) |
| Estatus retirado | Estado de pérdida | Estado de daño | No para préstamo | Colección | Biblioteca de origen | Biblioteca actual | Ubicación en estantería | Fecha de adquisición | Fuente de adquisición | Total de préstamos | Signatura topográfica completa | Código de barras | Visto por última vez | Precio de reemplazo | Tipo de ítem Koha |
|---|---|---|---|---|---|---|---|---|---|---|---|---|---|---|---|
| Libros del s. XIX | Biblioteca del Ateneo de Madrid | Biblioteca del Ateneo de Madrid | Sala Palomar | 17/01/2008 | C-7600 | 1159746 | 23/02/2023 | 23/02/2023 | Libro impreso antiguo |
